{"text_format":"3","workbook":"xlsx","n_sheets":1,"sheets":["t172"],"read":"whole","date_system":"1900"}

{"sheet":"t172","index":0,"n_rows":216,"n_cols":7,"rows_kept":216,"merged":[[0,0,0,6],[30,0,30,5],[52,0,52,5],[168,0,168,5]]}
["TABELA 172.1 - Estatísticas Agrícolas, Município de Espírito Santo do Pinhal, Estado de São Paulo, 2007/08."]
["ITEM","UNIDADE","N.DE UPAs","MÍNIMO","MÉDIO","MÁXIMO","TOTAL"]
["Distância à sede do município","km",707,0.3,{"v":7.79,"d":"7.8"},{"v":35,"d":"35.0"},"-"]
["Área total","hectare",707,0.3,{"v":53.65,"d":"53.7"},{"v":1311.1,"d":"1,311.1"},{"v":37927.25,"d":"37,927.3"}]
["Área com cultura perene","hectare",532,0.1,{"v":14.55,"d":"14.6"},{"v":390,"d":"390.0"},{"v":7740,"d":"7,740.0"}]
["Área com cultura temporária","hectare",183,0.1,{"v":32.06,"d":"32.1"},{"v":455,"d":"455.0"},{"v":5867.8,"d":"5,867.8"}]
["Área com pastagem","hectare",551,0.1,{"v":24.42,"d":"24.4"},461.1,{"v":13455.5041,"d":"13,455.5"}]
["Área com reflorestamento","hectare",152,0.1,{"v":16.13,"d":"16.1"},{"v":744,"d":"744.0"},{"v":2451.7,"d":"2,451.7"}]
["Área com vegetação natural","hectare",467,0.1,{"v":12.08,"d":"12.1"},{"v":613,"d":"613.0"},{"v":5643.2,"d":"5,643.2"}]
["Área com vegetação de brejo e várzea","hectare",72,0.1,{"v":2.41,"d":"2.4"},12.5,173.3]
["Área em descanso","hectare",79,0.1,{"v":12.33,"d":"12.3"},{"v":293,"d":"293.0"},973.7]
["Área complementar","hectare",648,0.1,2.5,107.7,{"v":1622.05,"d":"1,622.1"}]
["Área das UPAs com (0, 1] ha","hectare",13,0.3,{"v":0.62,"d":"0.6"},{"v":1,"d":"1.0"},8.1]
["Área das UPAs com (1, 2] ha","hectare",16,1.2,{"v":1.54,"d":"1.5"},{"v":2,"d":"2.0"},24.7]
["Área das UPAs com (2, 5] ha","hectare",138,2.2,{"v":3.47,"d":"3.5"},{"v":5,"d":"5.0"},{"v":478.65,"d":"478.7"}]
["Área das UPAs com (5, 10] ha","hectare",113,5.3,{"v":7.66,"d":"7.7"},{"v":10,"d":"10.0"},865.9]
["Área das UPAs com (10, 20] ha","hectare",133,10.1,{"v":14.47,"d":"14.5"},{"v":20,"d":"20.0"},{"v":1924.8,"d":"1,924.8"}]
["Área das UPAs com (20, 50] ha","hectare",148,20.5,{"v":31.58,"d":"31.6"},48.4,{"v":4674.3,"d":"4,674.3"}]
["Área das UPAs com (50, 100] ha","hectare",57,50.5,{"v":70.71,"d":"70.7"},99.3,{"v":4030.5,"d":"4,030.5"}]
["Área das UPAs com (100, 200] ha","hectare",49,100.8,{"v":146.69,"d":"146.7"},198.4,{"v":7187.9,"d":"7,187.9"}]
["Área das UPAs com (200, 500] ha","hectare",27,{"v":205,"d":"205.0"},{"v":340.01,"d":"340.0"},{"v":489,"d":"489.0"},{"v":9180.4,"d":"9,180.4"}]
["Área das UPAs com (500, 1.000] ha","hectare",12,505.1,{"v":686.74,"d":"686.7"},{"v":990,"d":"990.0"},{"v":8240.9,"d":"8,240.9"}]
["Área das UPAs com (1.000, 2.000] ha","hectare",1,{"v":1311.1,"d":"1,311.1"},{"v":1311.1,"d":"1,311.1"},{"v":1311.1,"d":"1,311.1"},{"v":1311.1,"d":"1,311.1"}]
["Área das UPAs com (2.000, 5.000] ha","hectare","-","-","-","-","-"]
["Área das UPAs com (5.000, 10.000] ha","hectare","-","-","-","-","-"]
["Área das UPAs acima de 10.000 ha","hectare","-","-","-","-","-"]
["Familiares do proprietário que trabalham na UPA","unidade",294,{"v":1,"d":"1.0"},{"v":1.66,"d":"1.7"},{"v":11,"d":"11.0"},{"v":488,"d":"488.0"}]
["Trabalhadores permanentes","unidade",430,{"v":1,"d":"1.0"},{"v":3.72,"d":"3.7"},{"v":86,"d":"86.0"},{"v":1601,"d":"1,601.0"}]
["Fonte: Secretaria de Agricultura e Abastecimento, CDRS/IEA, Projeto LUPA."]
[]
["TABELA 172.2 - Explorações Animais, Município de Espírito Santo do Pinhal, Estado de São Paulo, 2007/08."]
["ITEM","UNIDADE","N.DE UPAs","MÍNIMO","MÉDIO","MÁXIMO","TOTAL"]
["Apicultura","colmeias",4,{"v":1,"d":"1.0"},{"v":256,"d":"256.0"},{"v":1000,"d":"1,000.0"},{"v":1024,"d":"1,024.0"}]
["Asininos E Muares","cabeças",18,{"v":1,"d":"1.0"},{"v":2.11,"d":"2.1"},{"v":5,"d":"5.0"},{"v":38,"d":"38.0"}]
["Avestruzes e Ema (Criadouro)","cabeças",8,{"v":5,"d":"5.0"},{"v":36.75,"d":"36.8"},{"v":77,"d":"77.0"},{"v":294,"d":"294.0"}]
["Avicultura de Corte","cabeças/ano",19,{"v":20,"d":"20.0"},{"v":135502.47,"d":"135,502.5"},{"v":880000,"d":"880,000.0"},{"v":2574547,"d":"2,574,547.0"}]
["Avicultura Ornamental/Decorativa/Exótica","cabeças",2,{"v":18,"d":"18.0"},{"v":19,"d":"19.0"},{"v":20,"d":"20.0"},{"v":38,"d":"38.0"}]
["Avicultura para Ovos","cabeças",17,{"v":10,"d":"10.0"},{"v":61.24,"d":"61.2"},{"v":267,"d":"267.0"},{"v":1041,"d":"1,041.0"}]
["Bovinocultura de Corte","cabeças",124,{"v":2,"d":"2.0"},{"v":80.42,"d":"80.4"},{"v":1150,"d":"1,150.0"},{"v":9972,"d":"9,972.0"}]
["Bovinocultura Leiteira","cabeças",92,{"v":1,"d":"1.0"},{"v":24.01,"d":"24.0"},{"v":300,"d":"300.0"},{"v":2209,"d":"2,209.0"}]
["Bovinocultura Mista","cabeças",219,{"v":1,"d":"1.0"},24.7,{"v":397,"d":"397.0"},{"v":5410,"d":"5,410.0"}]
["Caprinocultura","cabeças",7,{"v":3,"d":"3.0"},{"v":29.71,"d":"29.7"},{"v":120,"d":"120.0"},{"v":208,"d":"208.0"}]
["Codornicultura","cabeças",1,{"v":10,"d":"10.0"},{"v":10,"d":"10.0"},{"v":10,"d":"10.0"},{"v":10,"d":"10.0"}]
["Cunicultura","cabeças",2,{"v":25,"d":"25.0"},62.5,{"v":100,"d":"100.0"},{"v":125,"d":"125.0"}]
["Equinocultura","cabeças",208,{"v":1,"d":"1.0"},{"v":6.71,"d":"6.7"},{"v":102,"d":"102.0"},{"v":1395,"d":"1,395.0"}]
["Outra Exploração Animal","cabeças",4,{"v":3,"d":"3.0"},{"v":36,"d":"36.0"},{"v":115,"d":"115.0"},{"v":144,"d":"144.0"}]
["Ovinocultura","cabeças",32,{"v":4,"d":"4.0"},{"v":29.56,"d":"29.6"},{"v":100,"d":"100.0"},{"v":946,"d":"946.0"}]
["Piscicultura","m² tanques",8,{"v":1,"d":"1.0"},{"v":9283.88,"d":"9,283.9"},{"v":50000,"d":"50,000.0"},{"v":74271,"d":"74,271.0"}]
["Ranicultura","girinos/ano",1,{"v":2500,"d":"2,500.0"},{"v":2500,"d":"2,500.0"},{"v":2500,"d":"2,500.0"},{"v":2500,"d":"2,500.0"}]
["Suinocultura","cabeças",58,{"v":1,"d":"1.0"},{"v":24.67,"d":"24.7"},{"v":500,"d":"500.0"},{"v":1431,"d":"1,431.0"}]
["Fonte: Secretaria de Agricultura e Abastecimento, CDRS/IEA, Projeto LUPA."]
[]
["TABELA 172.3 -  Máquinas, Implementos e Benfeitorias, Município de Espírito Santo do Pinhal, Estado de São Paulo, 2007/08."]
["ITEM","UNIDADE","N.DE UPAs","MÍNIMO","MÉDIO","MÁXIMO","TOTAL"]
["Arado Comum (Bacia, Aiveca)","Unidade",164,{"v":1,"d":"1.0"},{"v":1.23,"d":"1.2"},{"v":7,"d":"7.0"},{"v":201,"d":"201.0"}]
["Arado Escarificador","Unidade",37,{"v":1,"d":"1.0"},{"v":1.35,"d":"1.4"},{"v":4,"d":"4.0"},{"v":50,"d":"50.0"}]
["Arado Subsolador","Unidade",23,{"v":1,"d":"1.0"},{"v":1.35,"d":"1.4"},{"v":6,"d":"6.0"},{"v":31,"d":"31.0"}]
["Batedeira de Cereais","Unidade",11,{"v":1,"d":"1.0"},{"v":1,"d":"1.0"},{"v":1,"d":"1.0"},{"v":11,"d":"11.0"}]
["Câmara Fria","Unidade",3,{"v":1,"d":"1.0"},{"v":1.67,"d":"1.7"},{"v":3,"d":"3.0"},{"v":5,"d":"5.0"}]
["Carregadeira de Cana","Unidade",1,{"v":1,"d":"1.0"},{"v":1,"d":"1.0"},{"v":1,"d":"1.0"},{"v":1,"d":"1.0"}]
["Colhedeira Acoplada","Unidade",11,{"v":1,"d":"1.0"},{"v":1.45,"d":"1.5"},{"v":3,"d":"3.0"},{"v":16,"d":"16.0"}]
["Colhedeira Automotriz","Unidade",3,{"v":1,"d":"1.0"},{"v":1,"d":"1.0"},{"v":1,"d":"1.0"},{"v":3,"d":"3.0"}]
["Computador","Unidade",15,{"v":1,"d":"1.0"},{"v":1.53,"d":"1.5"},{"v":3,"d":"3.0"},{"v":23,"d":"23.0"}]
["Conj.Irrigação Autopropelido","Unidade",2,{"v":1,"d":"1.0"},{"v":1,"d":"1.0"},{"v":1,"d":"1.0"},{"v":2,"d":"2.0"}]
["Conj.Irrigação Convencional","Unidade",21,{"v":1,"d":"1.0"},{"v":1.24,"d":"1.2"},{"v":4,"d":"4.0"},{"v":26,"d":"26.0"}]
["Conj.Irrigação Pivot Central","Unidade",3,{"v":1,"d":"1.0"},{"v":1,"d":"1.0"},{"v":1,"d":"1.0"},{"v":3,"d":"3.0"}]
["Conj.Irrigação/Gotejamento/Microaspersão","Unidade",6,{"v":1,"d":"1.0"},{"v":1,"d":"1.0"},{"v":1,"d":"1.0"},{"v":6,"d":"6.0"}]
["Conjunto de Fenação","Unidade",7,{"v":1,"d":"1.0"},{"v":1.14,"d":"1.1"},{"v":2,"d":"2.0"},{"v":8,"d":"8.0"}]
["Desintegrador de Palha (Plantio Direto)","Unidade",2,{"v":1,"d":"1.0"},1.5,{"v":2,"d":"2.0"},{"v":3,"d":"3.0"}]
["Desintegrador, Picador, Triturador","Unidade",254,{"v":1,"d":"1.0"},{"v":1.15,"d":"1.2"},{"v":4,"d":"4.0"},{"v":292,"d":"292.0"}]
["Distribuidor de Calcário","Unidade",60,{"v":1,"d":"1.0"},{"v":1.13,"d":"1.1"},{"v":3,"d":"3.0"},{"v":68,"d":"68.0"}]
["Ensiladeira","Unidade",33,{"v":1,"d":"1.0"},{"v":1.36,"d":"1.4"},{"v":4,"d":"4.0"},{"v":45,"d":"45.0"}]
["Grade Aradora (Tipo Romi)","Unidade",56,{"v":1,"d":"1.0"},1.2,{"v":5,"d":"5.0"},{"v":67,"d":"67.0"}]
["Grade Niveladora","Unidade",140,{"v":1,"d":"1.0"},{"v":1.16,"d":"1.2"},{"v":4,"d":"4.0"},{"v":162,"d":"162.0"}]
["Implementos para Tração Animal","Unidade",16,{"v":1,"d":"1.0"},{"v":2.31,"d":"2.3"},{"v":7,"d":"7.0"},{"v":37,"d":"37.0"}]
["Microtrator","Unidade",64,{"v":1,"d":"1.0"},{"v":1.14,"d":"1.1"},{"v":3,"d":"3.0"},{"v":73,"d":"73.0"}]
["Misturador de Ração","Unidade",23,{"v":1,"d":"1.0"},{"v":1,"d":"1.0"},{"v":1,"d":"1.0"},{"v":23,"d":"23.0"}]
["Ordenhadeira Mecânica","Unidade",17,{"v":1,"d":"1.0"},{"v":1.12,"d":"1.1"},{"v":2,"d":"2.0"},{"v":19,"d":"19.0"}]
["Pulverizador Tratorizado","Unidade",119,{"v":1,"d":"1.0"},{"v":1.44,"d":"1.4"},{"v":7,"d":"7.0"},{"v":171,"d":"171.0"}]
["Resfriador de Leite, Tanque Expansão","Unidade",12,{"v":1,"d":"1.0"},{"v":1.25,"d":"1.3"},{"v":3,"d":"3.0"},{"v":15,"d":"15.0"}]
["Roçadeira Tratorizada","Unidade",2,{"v":1,"d":"1.0"},1.5,{"v":2,"d":"2.0"},{"v":3,"d":"3.0"}]
["Semeadeira/Adubadeira para Plantio Convencional","Unidade",25,{"v":1,"d":"1.0"},{"v":1.04,"d":"1.0"},{"v":2,"d":"2.0"},{"v":26,"d":"26.0"}]
["Semeadeira/Plantadeira Plantio Direto","Unidade",9,{"v":1,"d":"1.0"},{"v":1,"d":"1.0"},{"v":1,"d":"1.0"},{"v":9,"d":"9.0"}]
["Terraceador","Unidade",1,{"v":1,"d":"1.0"},{"v":1,"d":"1.0"},{"v":1,"d":"1.0"},{"v":1,"d":"1.0"}]
["Trator de Esteiras","Unidade",6,{"v":1,"d":"1.0"},1.5,{"v":3,"d":"3.0"},{"v":9,"d":"9.0"}]
["Trator de Pneus","Unidade",267,{"v":1,"d":"1.0"},{"v":1.72,"d":"1.7"},{"v":13,"d":"13.0"},{"v":460,"d":"460.0"}]
["Açude/Represa","Unidade",341,{"v":1,"d":"1.0"},{"v":2.19,"d":"2.2"},{"v":10,"d":"10.0"},{"v":748,"d":"748.0"}]
["Adega Cantina","Unidade",1,{"v":1,"d":"1.0"},{"v":1,"d":"1.0"},{"v":1,"d":"1.0"},{"v":1,"d":"1.0"}]
["Alambique","Unidade",2,{"v":1,"d":"1.0"},{"v":1,"d":"1.0"},{"v":1,"d":"1.0"},{"v":2,"d":"2.0"}]
["Almoxarifado/Oficina","Unidade",65,{"v":1,"d":"1.0"},{"v":1.09,"d":"1.1"},{"v":4,"d":"4.0"},{"v":71,"d":"71.0"}]
["Armazém para Grãos Ensacados","Sacas",52,{"v":1,"d":"1.0"},{"v":16.42,"d":"16.4"},{"v":800,"d":"800.0"},{"v":854,"d":"854.0"}]
["Balança para Bovinos","Unidade",11,{"v":1,"d":"1.0"},{"v":1,"d":"1.0"},{"v":1,"d":"1.0"},{"v":11,"d":"11.0"}]
["Balança para Veículos","Unidade",4,{"v":1,"d":"1.0"},{"v":1,"d":"1.0"},{"v":1,"d":"1.0"},{"v":4,"d":"4.0"}]
["Barracão para Bicho da Seda/Sirgaria","Unidade",4,{"v":1,"d":"1.0"},{"v":1.25,"d":"1.3"},{"v":2,"d":"2.0"},{"v":5,"d":"5.0"}]
["Barracão para Cultivo de Cogumelo","Unidade",13,{"v":1,"d":"1.0"},{"v":1.38,"d":"1.4"},{"v":5,"d":"5.0"},{"v":18,"d":"18.0"}]
["Barracão para Granja/Avicultura","Unidade",56,{"v":1,"d":"1.0"},{"v":1.61,"d":"1.6"},{"v":13,"d":"13.0"},{"v":90,"d":"90.0"}]
["Barracão/Galpão/Garagem","Unidade",262,{"v":1,"d":"1.0"},{"v":1.24,"d":"1.2"},{"v":9,"d":"9.0"},{"v":325,"d":"325.0"}]
["Biodigestor","Unidade",3,{"v":1,"d":"1.0"},{"v":2.67,"d":"2.7"},{"v":4,"d":"4.0"},{"v":8,"d":"8.0"}]
["Casa de Moradia Habitada","Unidade",525,{"v":1,"d":"1.0"},{"v":2.78,"d":"2.8"},{"v":36,"d":"36.0"},{"v":1459,"d":"1,459.0"}]
["Casa de Moradia Total","Unidade",562,{"v":1,"d":"1.0"},{"v":3.45,"d":"3.5"},{"v":44,"d":"44.0"},{"v":1938,"d":"1,938.0"}]
["Curral/Mangueira","Unidade",197,{"v":1,"d":"1.0"},{"v":1.11,"d":"1.1"},{"v":4,"d":"4.0"},{"v":219,"d":"219.0"}]
["Depósito/Tulha","Unidade",276,{"v":1,"d":"1.0"},{"v":1.18,"d":"1.2"},{"v":9,"d":"9.0"},{"v":327,"d":"327.0"}]
["Engenho","Unidade",1,{"v":1,"d":"1.0"},{"v":1,"d":"1.0"},{"v":1,"d":"1.0"},{"v":1,"d":"1.0"}]
["Estábulo","Unidade",98,{"v":1,"d":"1.0"},{"v":1.21,"d":"1.2"},{"v":10,"d":"10.0"},{"v":119,"d":"119.0"}]
["Estufa/Plasticultura","m²",9,{"v":1,"d":"1.0"},{"v":531,"d":"531.0"},{"v":4000,"d":"4,000.0"},{"v":4779,"d":"4,779.0"}]
["Fábrica de Ração","Unidade",10,{"v":1,"d":"1.0"},{"v":1,"d":"1.0"},{"v":1,"d":"1.0"},{"v":10,"d":"10.0"}]
["Instalações para Equinos","Unidade",46,{"v":1,"d":"1.0"},{"v":2.24,"d":"2.2"},{"v":30,"d":"30.0"},{"v":103,"d":"103.0"}]
["Máquina de Benefício","Unidade",61,{"v":1,"d":"1.0"},{"v":1.07,"d":"1.1"},{"v":2,"d":"2.0"},{"v":65,"d":"65.0"}]
["Olaria","Unidade",2,{"v":1,"d":"1.0"},{"v":1,"d":"1.0"},{"v":1,"d":"1.0"},{"v":2,"d":"2.0"}]
["Packing House","Unidade",1,{"v":1,"d":"1.0"},{"v":1,"d":"1.0"},{"v":1,"d":"1.0"},{"v":1,"d":"1.0"}]
["Pocilga","Unidade",62,{"v":1,"d":"1.0"},{"v":1.11,"d":"1.1"},{"v":5,"d":"5.0"},{"v":69,"d":"69.0"}]
["Poço Semi-Artesiano","Unidade",21,{"v":1,"d":"1.0"},{"v":1.19,"d":"1.2"},{"v":4,"d":"4.0"},{"v":25,"d":"25.0"}]
["Posto Meteorológico","Unidade",2,{"v":1,"d":"1.0"},{"v":1,"d":"1.0"},{"v":1,"d":"1.0"},{"v":2,"d":"2.0"}]
["Secador de Grãos","Unidade",100,{"v":1,"d":"1.0"},{"v":1.41,"d":"1.4"},{"v":6,"d":"6.0"},{"v":141,"d":"141.0"}]
["Silo para Grãos","t",7,{"v":1,"d":"1.0"},{"v":129.57,"d":"129.6"},{"v":894,"d":"894.0"},{"v":907,"d":"907.0"}]
["Silo para Silagem","t",32,{"v":1,"d":"1.0"},{"v":97.81,"d":"97.8"},{"v":2000,"d":"2,000.0"},{"v":3130,"d":"3,130.0"}]
["Terreiro","m²",391,{"v":1,"d":"1.0"},{"v":815.71,"d":"815.7"},{"v":8000,"d":"8,000.0"},{"v":318941,"d":"318,941.0"}]
["Fonte: Secretaria de Agricultura e Abastecimento, CDRS/IEA, Projeto LUPA."]
[]
["TABELA 172.4 - Outras Estatísticas Agrícolas, Município de Espírito Santo do Pinhal, Estado de São Paulo, 2007/08."]
["ITEM","Número de UPAs",null,"Percentual"]
["Faz Parte de Associação de Produtores",77,null,{"v":10.875706214689266,"d":"10.9"}]
["Faz Parte de Cooperativa de Produtores",298,null,{"v":42.09039548022599,"d":"42.1"}]
["Faz Parte do Sindicato de Produtores",156,null,{"v":22.033898305084744,"d":"22.0"}]
["Não utiliza assistência técnica ",247,null,{"v":34.887005649717516,"d":"34.9"}]
["Utiliza somente assistência técnica governamental ",237,null,{"v":33.47457627118644,"d":"33.5"}]
["Utiliza somente assistência técnica privada ",184,null,{"v":25.98870056497175,"d":"26.0"}]
["Utiliza assistência técnica tanto governamental quanto privada",39,null,{"v":5.508474576271187,"d":"5.5"}]
["Utiliza Crédito Rural",64,null,{"v":9.03954802259887,"d":"9.0"}]
["Utiliza Seguro Rural",10,null,{"v":1.4124293785310735,"d":"1.4"}]
["Utiliza Escrituração Agrícola",216,null,{"v":30.508474576271183,"d":"30.5"}]
["Acessa Internet p/ Fins na Agropecuária",50,null,{"v":7.062146892655368,"d":"7.1"}]
["Utiliza Computador nas Atividades Agropecuárias",82,null,{"v":11.581920903954801,"d":"11.6"}]
["Utiliza Energia Elétrica Para Uso na Atividade Agrícola",660,null,{"v":93.22033898305085,"d":"93.2"}]
["Realiza Análise de Solo, quando necessário",391,null,{"v":55.22598870056497,"d":"55.2"}]
["Utiliza Práticas de Conservação de Solo, quando necessário",380,null,{"v":53.67231638418079,"d":"53.7"}]
["Faz Adubação Mineral, quando necessário",543,null,{"v":76.69491525423729,"d":"76.7"}]
["Faz Adubação Orgânica, quando necessário",409,null,{"v":57.76836158192091,"d":"57.8"}]
["Faz Adubação Verde, quando necessário",32,null,{"v":4.519774011299435,"d":"4.5"}]
["Utiliza Manejo Integrado de Pragas (MIP)",18,null,{"v":2.5423728813559325,"d":"2.5"}]
["Utiliza Hidroponia","-",null,"-"]
["Utiliza Plasticultura",8,null,{"v":1.1299435028248588,"d":"1.1"}]
["Utiliza Mudas Fiscalizadas",352,null,{"v":49.71751412429378,"d":"49.7"}]
["Utiliza Semente Melhorada",175,null,{"v":24.717514124293782,"d":"24.7"}]
["Faz Confinamento de Bovinos",4,null,{"v":0.5649717514124294,"d":"0.6"}]
["Utiliza Pastejo Intensivo",68,null,{"v":9.6045197740113,"d":"9.6"}]
["Faz Inseminação Artificial",24,null,{"v":3.389830508474576,"d":"3.4"}]
["Faz Mineralização do Rebanho",359,null,{"v":50.706214689265536,"d":"50.7"}]
["Faz Vermifugação do Rebanho",362,null,{"v":51.129943502824865,"d":"51.1"}]
["Possui Parceiros /Arrendatários na Exploração Animal",50,null,{"v":7.062146892655368,"d":"7.1"}]
["Esporte e lazer",21,null,{"v":2.9661016949152543,"d":"3.0"}]
["Extração mineral","-",null,"-"]
["Hotel Fazenda, Pousada ou SPA",2,null,{"v":0.2824858757062147,"d":"0.3"}]
["Pesque-pague",3,null,{"v":0.42372881355932207,"d":"0.4"}]
["Restaurante ou Lanchonete",2,null,{"v":0.2824858757062147,"d":"0.3"}]
["Transformação artesanal","-",null,"-"]
["Turismo rural ou ecoturismo",1,null,{"v":0.14124293785310735,"d":"0.1"}]
["Outras atividades econômicas rurais",15,null,{"v":2.1186440677966103,"d":"2.1"}]
["Agroindústria",5,null,{"v":0.7062146892655368,"d":"0.7"}]
["Proprietário sem instrução ou com instrução incompleta",13,null,{"v":1.8361581920903955,"d":"1.8"}]
["Proprietário com antigo primário completo",180,null,{"v":25.423728813559325,"d":"25.4"}]
["Proprietário com 1° grau (ou antigo ginasial) completo",115,null,{"v":16.242937853107346,"d":"16.2"}]
["Proprietário com 2° grau (ou antigo colegial) completo",188,null,{"v":26.55367231638418,"d":"26.6"}]
["Proprietário com curso superior completo ",193,null,{"v":27.259887005649716,"d":"27.3"}]
["Pessoa Jurídica",18,null,{"v":2.5423728813559325,"d":"2.5"}]
["Proprietário residente na própria UPA ",224,null,{"v":31.638418079096045,"d":"31.6"}]
["Fonte: Secretaria de Agricultura e Abastecimento, CDRS/IEA, Projeto LUPA."]
[]
["TABELA 172.5 - Área Cultivada, Município de Espírito Santo do Pinhal, Estado de São Paulo, 2007/08."]
["CULTURA","N.DE UPAs","MÍNIMO","MÉDIO","MÁXIMO","TOTAL"]
["Braquiaria",384,0.1,{"v":27.13,"d":"27.1"},461.1,{"v":10418.2,"d":"10,418.2"}]
["Cafe",503,0.2,{"v":14.56,"d":"14.6"},{"v":225,"d":"225.0"},{"v":7322.5,"d":"7,322.5"}]
["Cana-de-acucar",37,0.1,{"v":105.26,"d":"105.3"},{"v":450,"d":"450.0"},{"v":3894.6,"d":"3,894.6"}]
["Eucalipto",148,0.1,{"v":16.55,"d":"16.6"},{"v":744,"d":"744.0"},{"v":2448.9,"d":"2,448.9"}]
["Milho",124,0.2,{"v":13.94,"d":"13.9"},{"v":200,"d":"200.0"},{"v":1728.5,"d":"1,728.5"}]
["Capim-gordura",114,0.2,{"v":13.74,"d":"13.7"},96.7,{"v":1566.1,"d":"1,566.1"}]
["Gramas",88,0.1,{"v":7.72,"d":"7.7"},{"v":71,"d":"71.0"},679.5]
["Outras gramineas para pastagem",36,0.1,{"v":14.92,"d":"14.9"},{"v":205,"d":"205.0"},537.2]
["Laranja",10,0.3,{"v":26.73,"d":"26.7"},{"v":165,"d":"165.0"},267.3]
["Milho-silagem",4,0.5,{"v":42.75,"d":"42.8"},{"v":90,"d":"90.0"},{"v":171,"d":"171.0"}]
["Capim-napier (ou capim-elefante)",38,0.1,4.4,{"v":50,"d":"50.0"},167.3]
["Limao",7,0.1,{"v":14.06,"d":"14.1"},{"v":91,"d":"91.0"},98.4]
["Coloniao",7,{"v":2,"d":"2.0"},{"v":9.73,"d":"9.7"},26.6,68.1]
["Pomar domestico",31,0.1,{"v":0.57,"d":"0.6"},{"v":7,"d":"7.0"},17.7]
["Banana",11,0.1,{"v":1.37,"d":"1.4"},5.4,15.1]
["Alface",8,0.2,{"v":1.76,"d":"1.8"},6.7,14.1]
["Capim-jaragua",2,{"v":2,"d":"2.0"},6.8,11.6,13.6]
["Macadamia (ou noz-macadamia)",1,{"v":9,"d":"9.0"},{"v":9,"d":"9.0"},{"v":9,"d":"9.0"},{"v":9,"d":"9.0"}]
["Maracuja",2,2.4,4.2,{"v":6,"d":"6.0"},8.4]
["Abobora (ou jerimum)",7,0.1,{"v":0.97,"d":"1.0"},2.4,6.8]
["Manga",4,{"v":1,"d":"1.0"},{"v":1.63,"d":"1.6"},2.5,6.5]
["Jilo",2,{"v":2,"d":"2.0"},{"v":3,"d":"3.0"},{"v":4,"d":"4.0"},{"v":6,"d":"6.0"}]
["Feijao",9,0.1,{"v":0.67,"d":"0.7"},1.5,{"v":6,"d":"6.0"}]
["Setaria",2,0.5,{"v":2.75,"d":"2.8"},{"v":5,"d":"5.0"},5.5]
["Cenoura",2,0.3,{"v":2.65,"d":"2.7"},{"v":5,"d":"5.0"},5.3]
["Berinjela",4,0.2,1.3,{"v":2,"d":"2.0"},5.2]
["Mandioca",2,{"v":2,"d":"2.0"},2.5,{"v":3,"d":"3.0"},{"v":5,"d":"5.0"}]
["Quiabo",2,0.6,2.3,{"v":4,"d":"4.0"},4.6]
["Chicoria (ou chicoria-de-folha-crespa)",6,0.2,{"v":0.65,"d":"0.7"},{"v":2,"d":"2.0"},3.9]
["Brocolos (ou brocolis)",4,0.3,{"v":0.85,"d":"0.9"},1.5,3.4]
["Horta domestica",5,0.1,{"v":0.62,"d":"0.6"},{"v":2,"d":"2.0"},3.1]
["Sorgo",1,{"v":3,"d":"3.0"},{"v":3,"d":"3.0"},{"v":3,"d":"3.0"},{"v":3,"d":"3.0"}]
["Feijao-vagem (ou vagem, ou feijao-verde)",3,0.1,{"v":0.77,"d":"0.8"},{"v":2,"d":"2.0"},2.3]
["Tangerina",2,0.2,1.1,{"v":2,"d":"2.0"},2.2]
["Pimentao",1,{"v":2,"d":"2.0"},{"v":2,"d":"2.0"},{"v":2,"d":"2.0"},{"v":2,"d":"2.0"}]
["Outras olericolas",3,0.4,0.6,{"v":1,"d":"1.0"},1.8]
["Beterraba",2,0.6,0.8,{"v":1,"d":"1.0"},1.6]
["Teca",1,1.5,1.5,1.5,1.5]
["Coco-da-baia",1,1.3,1.3,1.3,1.3]
["Couve-flor",1,{"v":1,"d":"1.0"},{"v":1,"d":"1.0"},{"v":1,"d":"1.0"},{"v":1,"d":"1.0"}]
["Pinus",2,0.2,{"v":0.35,"d":"0.4"},0.5,0.7]
["Arroz",2,0.2,0.3,0.4,0.6]
["Outras florestais",1,0.6,0.6,0.6,0.6]
["Repolho",2,0.2,{"v":0.25,"d":"0.3"},0.3,0.5]
["Cebolinha",1,0.1,0.1,0.1,0.1]
["Fonte: Secretaria de Agricultura e Abastecimento, CDRS/IEA, Projeto LUPA."]